|
|
|
|
| LEADER |
00000cam a2200000 a 4500 |
| 020 |
|
|
|a 0566008092 (U.S.) :
|c NA
|
| 040 |
|
|
|a MUL
|b eng
|e AACR
|
| 082 |
0 |
0 |
|a 658.406 HAR
|
| 100 |
1 |
|
|a Hardy, Cynthia,
|
| 245 |
1 |
0 |
|a Managing organisational closure /
|c Cynthia Hardy.
|
| 260 |
|
|
|a Aldershot, Hants., England ;
|a Brookfield, VT :
|b Gower,
|c c1985.
|
| 300 |
|
|
|a xiii, 131 p. ;
|c 23 cm.
|
| 500 |
|
|
|a Includes index.
|
| 504 |
|
|
|a Bibliography: p. 122-128.
|
| 546 |
|
|
|a eng.
|
| 650 |
|
0 |
|a Plant shutdowns
|z Great Britain.
|
| 650 |
|
0 |
|a Plant shutdowns
|z Great Britain
|
| 650 |
|
0 |
|a Unemployed
|z Great Britain.
|
| 942 |
|
|
|c BK
|
| 999 |
|
|
|c 5469
|d 5469
|